| 000 | 00561nam a2200205 a 4500 | ||
|---|---|---|---|
| 005 | 20140310183215.0 | ||
| 008 | 030421s19uu xx 00 eng d | ||
| 020 | _a9812445048 | ||
| 050 |
_aQP 44 _b.M34 2002 |
||
| 100 | _aMarieb, Elaine N. | ||
| 245 |
_aLaboratory manual for anatomy & physiology / _cElaine N. Marieb. |
||
| 260 |
_aSingapore : _bPearson Education Pte Ltd., _c2002. |
||
| 300 |
_a374 p. : _bill. ; _c27 cm. |
||
| 521 | _aNUR | ||
| 650 | _aAnatomy | ||
| 650 | _aPhysiology | ||
| 942 |
_cBK _2lcc _kFOR |
||
| 999 |
_c20222 _d20222 |
||